[Event "SVK-chT2B 1112"]
[Site "Slovakia"]
[Date "2011.10.08"]
[Round "1.5"]
[White "Malik, Albin"]
[Black "Sebensky, Martin"]
[Result "0-1"]
[WhiteElo "1748"]
[BlackElo "1915"]
[PlyCount "69"]
[EventDate "2011.10.08"]
[EventType "team-tourn"]
[EventRounds "11"]
[EventCountry "SVK"]
[SourceTitle "EXT 2013"]
[Source "ChessBase"]
[SourceDate "2012.11.22"]
[SourceVersion "1"]
[SourceVersionDate "2012.11.22"]
[SourceQuality "1"]
[WhiteTeam "Surany Lokomotiva"]
[BlackTeam "Komarno KSC II"]
[WhiteTeamCountry "SVK"]
[BlackTeamCountry "SVK"]

1. c4 Nf6 2. Nc3 e6 3. e4 e5 4. g3 Nc6 5. Bg2 Bc5 6. Nge2 d6 7. 0-0 Bg4 8. h3 Be6 9. d3 Qd7 10. Kh2 h5 11. Bg5 Nh7 12. Qd2 Nb4 13. Nd5 Bxd5 14. cxd5 Nxg5 15. Qxg5 Nxd3 16. f4 f6 17. Qg6+ Qf7 18. Qxf7+ Kxf7 19. fxe5 dxe5 20. Rf3 Nf2 21. Rf1 Ng4+ 22. Kh1 h4 23. Rc1 Bb6 24. Rcc3 Rac8 25. b4 Nf2+ 26. Kh2 Nxe4 27. Rcd3 hxg3+ 28. Nxg3 Nxg3 29. Rxg3 Rh4 30. d6 e4 31. Rd1 cxd6 32. Rg4 Rxg4 33. hxg4 Rc4 34. Kh3 Ke6 35. Rb1 0-1

[Event "SVK-chT2B 0910"]
[Site "Slovakia"]
[Date "2010.02.27"]
[Round "10.8"]
[White "Motuzova, Marta"]
[Black "Malik, Albin"]
[Result "1/2-1/2"]
[WhiteElo "1883"]
[BlackElo "1671"]
[PlyCount "78"]
[EventDate "2009.10.10"]
[EventType "team"]
[EventRounds "11"]
[EventCountry "SVK"]
[SourceTitle "EXT 2011"]
[Source "ChessBase"]
[SourceDate "2010.11.26"]
[SourceVersion "1"]
[SourceVersionDate "2010.11.26"]
[SourceQuality "1"]
[WhiteTeam "Bystrica SKS"]
[BlackTeam "Surany"]
[WhiteTeamCountry "SVK"]
[BlackTeamCountry "SVK"]

1. d4 d5 2. c4 c6 3. Nc3 Nf6 4. Nf3 e6 5. e3 Bd6 6. Be2 Nbd7 7. Qc2 0-0 8. 0-0 Re8 9. e4 dxe4 10. Nxe4 Nxe4 11. Qxe4 Nf6 12. Qh4 Nd7 13. Bg5 Be7 14. Bd3 h6 15. Bxe7 Qxe7 16. Qe4 Nf6 17. Qf4 Nh5 18. Qe5 Nf6 19. Rfe1 Rd8 20. Rad1 b6 21. Bb1 Bb7 22. Qe2 Qc7 23. Ne5 c5 24. dxc5 Qxc5 25. b3 Qc7 26. h3 Rxd1 27. Rxd1 Rd8 28. Rxd8+ Qxd8 29. Qd3 Qxd3 30. Bxd3 Kf8 31. b4 Ke7 32. f3 Nd7 33. Nxd7 Kxd7 34. Kf2 Kd6 35. Ke3 e5 36. g3 g5 37. f4 f6 38. a3 Bg2 39. fxe5+ Kxe5 1/2-1/2